[Event "119th NZL-ch op"]
[Site "Queenstown NZL"]
[Date "2012.01.17"]
[Round "3"]
[White "Reilly, Tim"]
[Black "Maroroa, Sue"]
[Result "1-0"]
[WhiteElo "2266"]
[BlackElo "2020"]
[EventDate "2012.01.15"]
[PlyCount "93"]

1.d4 Nf6 2.c4 e6 3.Nc3 Bb4 4.e3 O-O 5.Ne2 d5 6.a3 Be7 7.cxd5 exd5 8.g3 c6 
9.Bg2 Na6 10.O-O Nc7 11.Nf4 Re8 12.Qc2 Ne6 13.Nd3 Bd7 14.Ne5 Nf8 15.Bd2 
Be6 16.b4 N6d7 17.f4 f6 18.Nf3 b5 19.Ne2 Rc8 20.f5 Bf7 21.Nf4 Nb6 22.Rfe1 
Bd6 23.Nd3 Nc4 24.Nc5 Nd7 25.a4 bxa4 26.Rxa4 Nxc5 27.dxc5 Bb8 28.Nd4 Re7 
29.Ra6 Qe8 30.Nxc6 Rxc6 31.Rxc6 Nxe3 32.Qa4 d4 33.Qa6 Bc7 34.Bf3 Bc4 35.
Qa1 Qd7 36.Qc1 Bd5 37.Rxc7 Qxc7 38.Rxe3 dxe3 39.Bxd5+ Kh8 40.Bxe3 Qe5 41.
Be6 g6 42.Qd2 Qb8 43.Bf4 Qe8 44.Bd6 Rg7 45.Qc3 Qa4 46.Bb3 Qe8 47.c6 1-0

[Event "119th NZL-ch op"]
[Site "Queenstown NZL"]
[Date "2012.01.17"]
[Round "3"]
[White "Rozentalis, Eduardas"]
[Black "West, Guy"]
[Result "1-0"]
[WhiteElo "2592"]
[BlackElo "2323"]
[EventDate "2012.01.15"]
[PlyCount "59"]

1.e4 d5 2.exd5 Nf6 3.c4 e6 4.d4 Bb4+ 5.Nc3 exd5 6.Bd3 O-O 7.Ne2 dxc4 8.
Bxc4 Ne4 9.O-O Nxc3 10.bxc3 Bd6 11.Ng3 Nc6 12.Qh5 g6 13.Qf3 Qh4 14.h3 Be6 
15.Ne4 Be7 16.Bd3 f5 17.Nd2 Rad8 18.Re1 Bd5 19.Bc4 Bf7 20.Bxf7+ Rxf7 21.
Nc4 g5 22.Rb1 g4 23.Qg3 Qxg3 24.fxg3 b6 25.Bf4 gxh3 26.gxh3 Bf6 27.Re6 Ne7
28.Ne3 c6 29.Rf1 c5 30.dxc5 1-0

[Event "119th NZL-ch op"]
[Site "Queenstown NZL"]
[Date "2012.01.17"]
[Round "3"]
[White "Safarian, Alek"]
[Black "Gloistein, Bruce"]
[Result "1-0"]
[WhiteElo "2036"]
[BlackElo "1787"]
[EventDate "2012.01.15"]
[PlyCount "37"]

1.d4 d5 2.c4 e6 3.Nf3 Nf6 4.Nc3 Be7 5.Qc2 O-O 6.e3 c6 7.Bd3 dxc4 8.Bxc4 
Nd5 9.O-O f5 10.Re1 b5 11.Bb3 Kh8 12.e4 Nf6 13.exf5 exf5 14.Ne5 b4 15.Na4 
Nd5 16.Nxc6 Nxc6 17.Qxc6 Bd7 18.Qxd5 Bxa4 19.Qxd8 1-0

[Event "119th NZL-ch op"]
[Site "Queenstown NZL"]
[Date "2012.01.17"]
[Round "3"]
[White "Schon, Eugene"]
[Black "Watharow, Sean"]
[Result "1-0"]
[WhiteElo "2188"]
[BlackElo "1929"]
[EventDate "2012.01.15"]
[PlyCount "81"]

1.e4 c5 2.Nf3 Nc6 3.d4 cxd4 4.Nxd4 Nf6 5.Nc3 e5 6.Ndb5 d6 7.Bg5 a6 8.Na3 
b5 9.Bxf6 gxf6 10.Nd5 Bg7 11.Bd3 Ne7 12.Nxe7 Qxe7 13.c3 f5 14.Nc2 d5 15.
exd5 e4 16.Be2 Qc5 17.a4 Rb8 18.axb5 axb5 19.Qd2 O-O 20.O-O Qd6 21.f4 Re8 
22.Nb4 Bb7 23.Qe3 Rec8 24.Rfd1 Rc5 25.Rd2 Bh6 26.g3 Bf8 27.Kg2 Be7 28.Bd1 
Rbc8 29.Bb3 Bf6 30.Rc1 Bd8 31.Qe2 Bb6 32.Nc2 Qf6 33.Rcd1 Rd8 34.Ne3 Rxc3 
35.bxc3 Qxc3 36.Nxf5 Qxb3 37.Qg4+ Kf8 38.Qg7+ Ke8 39.Qe5+ Kd7 40.Qd6+ Kc8 
41.Ne7# 1-0

[Event "119th NZL-ch op"]
[Site "Queenstown NZL"]
[Date "2012.01.17"]
[Round "3"]
[White "Seabrook, Roy"]
[Black "Johnson, Quentin"]
[Result "0-1"]
[WhiteElo "1873"]
[BlackElo "2127"]
[EventDate "2012.01.15"]
[PlyCount "94"]

1.e4 c6 2.d4 d5 3.exd5 cxd5 4.c4 Nf6 5.Nc3 e6 6.Nf3 Bb4 7.Bg5 O-O 8.Bd3 
dxc4 9.Bxc4 Nbd7 10.O-O b6 11.d5 Bxc3 12.bxc3 Qc7 13.dxe6 Qxc4 14.exd7 
Nxd7 15.Re1 f6 16.Bf4 Nc5 17.Qd4 Qxd4 18.Nxd4 Nd3 19.Bd6 Nxe1 20.Bxf8 Nf3+
21.Nxf3 Kxf8 22.Re1 Bb7 23.Nd4 Bd5 24.Ne6+ Bxe6 25.Rxe6 Re8 26.Rxe8+ Kxe8 
27.Kf1 Kd7 28.Ke2 Kc6 29.a4 b5 30.axb5+ Kxb5 31.Kd3 Kc5 32.f4 f5 33.g3 g6 
34.Kc2 Kc4 35.Kd2 a5 36.Kc2 h5 37.Kb2 h4 38.gxh4 a4 39.h5 gxh5 40.Ka3 Kxc3
41.Kxa4 Kd4 42.Kb3 Ke4 43.Kc3 Kxf4 44.Kd3 Kf3 45.Kd2 f4 46.Ke1 Kg2 47.Ke2 
f3+ 0-1

[Event "119th NZL-ch op"]
[Site "Queenstown NZL"]
[Date "2012.01.17"]
[Round "3"]
[White "Simmonds, Leteisha"]
[Black "Janisz, Andrew"]
[Result "1/2-1/2"]
[WhiteElo "1643"]
[BlackElo "1989"]
[EventDate "2012.01.15"]
[PlyCount "100"]

1.e4 d6 2.d4 Nf6 3.Nc3 g6 4.Bg5 Bg7 5.e5 Nfd7 6.f4 dxe5 7.dxe5 h6 8.Bh4 g5
9.fxg5 hxg5 10.Bxg5 Bxe5 11.Nf3 Bd6 12.Bc4 Nb6 13.Bb3 Bf5 14.Qe2 N8d7 15.
Ne4 Bxe4 16.Qxe4 Nc5 17.Qe2 Nxb3 18.axb3 Qd7 19.O-O-O O-O-O 20.h3 Qf5 21.
g4 Qa5 22.Kb1 Rd7 23.Bd2 Bb4 24.Bxb4 Qxb4 25.Rxd7 Nxd7 26.Ne5 Nxe5 27.Qxe5
Rd8 28.Qf5+ Kb8 29.Qxf7 e5 30.Qf6 Re8 31.Rd1 Qf8 32.g5 Kc8 33.h4 Qxf6 34.
gxf6 Rf8 35.Rf1 Kd7 36.Kc1 Ke6 37.Kd2 Kf7 38.Ke3 Rh8 39.Ke4 Rxh4+ 40.Kxe5 
Rh2 41.Rd1 Rh5+ 42.Ke4 Kxf6 43.Rd7 Rc5 44.c4 Ke6 45.Rh7 b6 46.Kd4 a5 47.
Kc3 Kd6 48.b4 axb4+ 49.Kxb4 Kc6 50.b3 Kb7 1/2-1/2

[Event "119th NZL-ch op"]
[Site "Queenstown NZL"]
[Date "2012.01.17"]
[Round "3"]
[White "Smochina, Carolina"]
[Black "Holt, Kenneth"]
[Result "1/2-1/2"]
[WhiteElo "2167"]
[BlackElo "1914"]
[EventDate "2012.01.15"]
[PlyCount "101"]

1.c4 c5 2.Nc3 Nf6 3.e4 d6 4.g3 Nc6 5.d3 g6 6.Bg2 Bg7 7.Nge2 O-O 8.O-O Rb8 
9.h3 Nd4 10.Nxd4 cxd4 11.Ne2 e5 12.f4 Nd7 13.f5 g5 14.f6 Bxf6 15.g4 Nc5 
16.Ng3 Be7 17.Nf5 Bxf5 18.exf5 b5 19.cxb5 Rxb5 20.Qf3 Bf6 21.h4 h6 22.hxg5
hxg5 23.Qh3 Kg7 24.Bc6 Rb6 25.Bd5 Rh8 26.Qf3 Rh4 27.Qe2 Qh8 28.Bg2 Rh2 29.
Rf3 Qh4 30.Rb1 Rb8 31.Qf2 d5 32.b4 e4 33.dxe4 dxe4 34.Ra3 e3 35.Qxh4 Rxh4 
36.Bf3 Nd7 37.Rxa7 Ne5 38.Kg2 Nxf3 39.Kxf3 Rh3+ 40.Ke2 Rh2+ 41.Kd3 Re8 42.
b5 Rh3 43.Bb2 e2+ 44.Kd2 Rhe3 45.Re1 d3 46.Bxf6+ Kxf6 47.Ra6+ Kg7 48.Rd6 
R3e5 49.Kxd3 Rxb5 50.Rxe2 Ra8 51.Rd7 1/2-1/2

[Event "119th NZL-ch op"]
[Site "Queenstown NZL"]
[Date "2012.01.17"]
[Round "3"]
[White "Solomon, Stephen"]
[Black "Ansell, Alan"]
[Result "1-0"]
[WhiteElo "2375"]
[BlackElo "2079"]
[EventDate "2012.01.15"]
[PlyCount "61"]

1.e4 e5 2.Nf3 Nc6 3.Nc3 Nf6 4.Bb5 Bc5 5.Nxe5 Nxe5 6.d4 Bd6 7.f4 Nc6 8.e5 
Bb4 9.O-O Bxc3 10.bxc3 O-O 11.exf6 Qxf6 12.f5 a6 13.Bd3 d6 14.Qh5 h6 15.g4
Nxd4 16.g5 Qe5 17.Bf4 Qc5 18.cxd4 Qxd4+ 19.Kg2 Bxf5 20.Bxf5 Qd5+ 21.Kg3 
Qxf5 22.Bxd6 Qd5 23.Rad1 Qa5 24.Bxf8 Rxf8 25.h4 g6 26.Qg4 Qc3+ 27.Qf3 Qe5+
28.Qf4 Qc3+ 29.Kh2 h5 30.Rd7 Qxc2+ 31.Rf2 1-0

[Event "119th NZL-ch op"]
[Site "Queenstown NZL"]
[Date "2012.01.17"]
[Round "3"]
[White "Stojic, Dusan"]
[Black "Bojkov, Dejan"]
[Result "0-1"]
[WhiteElo "2294"]
[BlackElo "2553"]
[EventDate "2012.01.15"]
[PlyCount "72"]

1.e4 e5 2.Nf3 Nc6 3.Bb5 a6 4.Ba4 Nf6 5.O-O Be7 6.Re1 b5 7.Bb3 O-O 8.c3 d5 
9.exd5 Nxd5 10.Nxe5 Nxe5 11.Rxe5 Bb7 12.d4 Bf6 13.Re1 Re8 14.Rxe8+ Qxe8 
15.a4 Rd8 16.axb5 axb5 17.Na3 b4 18.Bxd5 Bxd5 19.Nc2 c5 20.Ne3 Bc6 21.Ng4 
Bxd4 22.cxd4 Rxd4 23.Bd2 Qd8 24.Ne3 Rxd2 25.Qc1 Qd4 26.b3 g6 27.Ra7 Bxg2 
28.Qc4 Bd5 29.Qxd4 Rxd4 30.Nxd5 Rxd5 31.Rc7 Kg7 32.Rc6 Kh6 33.Kg2 Kg5 34.
Kg3 Kf5 35.Rc7 f6 36.f3 h5 0-1

[Event "119th NZL-ch op"]
[Site "Queenstown NZL"]
[Date "2012.01.17"]
[Round "3"]
[White "Kharisma Sukandar, Irine"]
[Black "Hansen, Sune Berg"]
[Result "1/2-1/2"]
[WhiteElo "2325"]
[BlackElo "2572"]
[EventDate "2012.01.15"]
[PlyCount "188"]

1.e4 e5 2.Nf3 Nc6 3.Bc4 Bc5 4.c3 Nf6 5.d3 O-O 6.Bb3 d5 7.Nbd2 dxe4 8.dxe4 
Nh5 9.Nc4 Qf6 10.Qd5 Bd6 11.Nxd6 cxd6 12.O-O h6 13.Bd1 Rd8 14.Be3 Nf4 15.
Qb5 Rb8 16.Re1 Be6 17.Bxf4 Qxf4 18.Bb3 a6 19.Qd3 Rd7 20.Rad1 Rbd8 21.Bd5 
Ne7 22.Bxe6 fxe6 23.Qc4 Qf6 24.Qb3 Rf8 25.Qa3 Nc8 26.c4 Rc7 27.Qd3 b6 28.
Re3 Qf7 29.Qe2 Rc6 30.Ra3 Qb7 31.Ne1 Rc7 32.Rg3 Rcf7 33.Nd3 Rf6 34.b4 Qc7 
35.Qg4 R8f7 36.h4 Ne7 37.h5 Nc6 38.c5 dxc5 39.bxc5 b5 40.Qe2 Rd7 41.Rc1 
Qd8 42.Qe3 Qa5 43.Qe2 Qa4 44.Kh2 Rdf7 45.Re1 Qa5 46.Rc1 Rd7 47.Qb2 Qc7 48.
Kg1 Rd4 49.Re1 Rf8 50.Ree3 Rfd8 51.Qe2 Qd7 52.Qg4 Rf8 53.Qh3 Rf6 54.Rg4 
Qc7 55.Reg3 Rd7 56.Rg6 Rdf7 57.R3g4 b4 58.Qe3 Kh8 59.Qc1 a5 60.Qc4 Qb7 61.
Rxf6 Rxf6 62.Rg6 Qd7 63.Rxf6 gxf6 64.Qb5 Kg7 65.Nb2 f5 66.g3 f4 67.Qe2 Kf6
68.Nd3 Qg7 69.Kh2 Qg5 70.Qd1 Nd4 71.Nxf4 exf4 72.Qxd4+ Kf7 73.Qd7+ Qe7 74.
Qd4 Qg5 75.c6 fxg3+ 76.fxg3 Qxh5+ 77.Kg1 Qf3 78.Qd7+ Kf6 79.Qd8+ Kf7 80.c7
Qxg3+ 81.Kf1 Qf3+ 82.Ke1 Qe3+ 83.Kd1 Qf3+ 84.Kd2 Qc3+ 85.Ke2 Qc2+ 86.Kf3 
Qc3+ 87.Kg4 h5+ 88.Kh4 Qe1+ 89.Kxh5 Qe2+ 90.Kg5 Qe3+ 91.Kh5 Qf3+ 92.Kh4 
Qf4+ 93.Kh3 Qf3+ 94.Kh4 Qf4+ 1/2-1/2

[Event "119th NZL-ch op"]
[Site "Queenstown NZL"]
[Date "2012.01.17"]
[Round "3"]
[White "Tao, Trevor"]
[Black "Repplinger, Marc"]
[Result "1-0"]
[WhiteElo "2422"]
[BlackElo "2241"]
[EventDate "2012.01.15"]
[PlyCount "67"]

1.e4 e6 2.d4 d5 3.Nd2 Nf6 4.e5 Nfd7 5.f4 c5 6.Ndf3 Nc6 7.Ne2 Be7 8.g3 Qb6 
9.Bh3 cxd4 10.Nexd4 Nc5 11.O-O Ne4 12.Kg2 g6 13.c3 Bd7 14.Qb3 Nxd4 15.Qxb6
axb6 16.Nxd4 b5 17.Be3 h5 18.a3 Ra6 19.Kg1 Nc5 20.Rf2 Na4 21.Bf1 Bc5 22.
Re1 Bxd4 23.Bxd4 b6 24.b3 Nc5 25.a4 Nxb3 26.axb5 Ra8 27.Bxb6 Rc8 28.Rb2 
Rxc3 29.Re3 Rxe3 30.Bxe3 d4 31.Bf2 Nc5 32.Bxd4 Nb7 33.Bg2 Nd8 34.b6 1-0

[Event "119th NZL-ch op"]
[Site "Queenstown NZL"]
[Date "2012.01.17"]
[Round "3"]
[White "Tionko, Efrain"]
[Black "McDonald, John"]
[Result "1-0"]
[WhiteElo "1865"]
[BlackElo "2068"]
[EventDate "2012.01.15"]
[PlyCount "91"]

1.e4 d5 2.exd5 Nf6 3.Nc3 Nxd5 4.Nxd5 Qxd5 5.Qf3 Qc5 6.c3 e5 7.Bd3 Nd7 8.
Ne2 g6 9.Qe3 Bg7 10.O-O O-O 11.Qxc5 Nxc5 12.Bc2 Rd8 13.d4 exd4 14.Nxd4 a5 
15.Nb3 Ne6 16.a4 h6 17.Be3 b6 18.Rfd1 Bd7 19.h3 c5 20.Nd2 b5 21.axb5 Bxb5 
22.Nb3 Rxd1+ 23.Bxd1 c4 24.Bf3 Rb8 25.Nxa5 Kf8 26.Ra2 Rc8 27.Nb7 Bd7 28.
Nd6 Rd8 29.Nxc4 Ng5 30.Bxg5 hxg5 31.Ra8 Rxa8 32.Bxa8 Be6 33.Nd2 Ke7 34.f3 
f5 35.Kf2 Kd6 36.Ke3 Be5 37.Kd3 Bc8 38.Nc4+ Ke6 39.Nxe5 Kxe5 40.Ke3 Be6 
41.b4 Bc4 42.Bc6 Bf1 43.Kf2 Bc4 44.Be8 Kd6 45.Bxg6 Bd3 46.g4 1-0

[Event "119th NZL-ch op"]
[Site "Queenstown NZL"]
[Date "2012.01.17"]
[Round "3"]
[White "Voon, Richard"]
[Black "Shen, Daniel"]
[Result "0-1"]
[WhiteElo "1933"]
[BlackElo "2182"]
[EventDate "2012.01.15"]
[PlyCount "62"]

1.d4 d5 2.Nf3 Nf6 3.c4 c6 4.Nc3 e6 5.e3 Nbd7 6.Bd3 dxc4 7.Bxc4 b5 8.Bd3 
Bb7 9.O-O a6 10.Qe2 c5 11.dxc5 Nxc5 12.Bc2 Qc7 13.a3 Nce4 14.Nxe4 Nxe4 15.
Bb3 Bd6 16.h3 O-O 17.Nd2 Rfd8 18.Nxe4 Bxe4 19.Bd2 Bd3 20.Qe1 Bh2+ 21.Kh1 
Bxf1 22.Ba5 Qb7 23.Qxf1 Bc7 24.Bc3 a5 25.f4 b4 26.axb4 axb4 27.Bd4 Rxa1 
28.Qxa1 Bxf4 29.Qa5 Ra8 30.Qh5 Ra1+ 31.Bd1 Bxe3 0-1

[Event "119th NZL-ch op"]
[Site "Queenstown NZL"]
[Date "2012.01.17"]
[Round "3"]
[White "Vuglar, Shannon"]
[Black "Capper, David"]
[Result "1/2-1/2"]
[WhiteElo "1581"]
[BlackElo "1802"]
[EventDate "2012.01.15"]
[PlyCount "159"]

1.e4 c5 2.Nf3 d6 3.d4 cxd4 4.Nxd4 Nc6 5.Nc3 Nf6 6.Bg5 Qa5 7.Bxf6 gxf6 8.
Nb3 Qd8 9.f4 Be6 10.Nd5 Bg7 11.f5 Bd7 12.Qh5 Ne5 13.O-O-O Rc8 14.Kb1 a6 
15.Nd4 O-O 16.g4 e6 17.Ne3 Qe7 18.Rg1 Bc6 19.Nxc6 Rxc6 20.Rd2 Nf3 21.Rdg2 
Nxg1 22.Rxg1 Rd8 23.g5 fxg5 24.Rxg5 Qf6 25.c3 Kh8 26.Rg3 Rxc3 27.bxc3 Qxc3
28.Rxg7 Qxg7 29.Qh4 Rd7 30.f6 Qg6 31.Kb2 b5 32.Qf4 Rd8 33.Bd3 e5 34.Qf2 
Rc8 35.Nd5 Qg5 36.Bc2 Rg8 37.Ne7 Ra8 38.Bb3 Rf8 39.Ka3 Qc1+ 40.Kb4 a5+ 41.
Kxb5 Rb8+ 42.Ka6 a4 43.Qg2 Qh6 44.Qg7+ Qxg7 45.fxg7+ Kxg7 46.Bxa4 Rb2 47.
Bb3 Kf6 48.Nf5 Rxh2 49.Nxd6 h5 50.Nf5 h4 51.Nxh4 Rxh4 52.Bd5 Ke7 53.Kb5 
Kd6 54.Bxf7 Rxe4 55.a4 Re2 56.Be8 Rb2+ 57.Kc4 Rc2+ 58.Kd3 Rc5 59.Bf7 Ra5 
60.Be8 Ra8 61.Bb5 Ra7 62.Ke4 Rf7 63.a5 Rf4+ 64.Ke3 Kc5 65.Be2 Ra4 66.a6 
Kd5 67.Bf3+ e4 68.Be2 Ra3+ 69.Kd2 Kd4 70.Kc2 Ra2+ 71.Kb3 Ra1 72.Kb4 Rb1+ 
73.Ka4 Kc5 74.Ka3 Ra1+ 75.Kb2 Ra4 76.Kb3 Ra5 77.Bf1 e3 78.Be2 Ra1 79.Kb2 
Ra4 80.Kb3 1/2-1/2

[Event "119th NZL-ch op"]
[Site "Queenstown NZL"]
[Date "2012.01.17"]
[Round "3"]
[White "Wallis, Christopher"]
[Black "Haznedaroglu, Kivanc"]
[Result "1-0"]
[WhiteElo "2259"]
[BlackElo "2455"]
[EventDate "2012.01.15"]
[PlyCount "113"]

1.d4 Nf6 2.c4 e6 3.g3 d5 4.Nf3 Be7 5.Bg2 O-O 6.O-O dxc4 7.Qc2 a6 8.Qxc4 b5
9.Qc2 Bb7 10.Bd2 Ra7 11.Rc1 Be4 12.Qb3 Nc6 13.e3 Qa8 14.Qd1 b4 15.Qf1 Rc8 
16.Ne1 Na5 17.Nd3 Qb8 18.Bxe4 Nxe4 19.Qg2 Nf6 20.Be1 Qb5 21.Nc5 Nb7 22.a4 
Qb6 23.Nb3 c5 24.N1d2 Raa8 25.Nc4 Qa7 26.a5 Nd7 27.d5 exd5 28.Qxd5 Rd8 29.
Rd1 Rac8 30.Qf5 Nf6 31.e4 Rxd1 32.Rxd1 Rd8 33.Rxd8+ Nxd8 34.Nb6 Ne6 35.e5 
Nd7 36.Nc8 Qb7 37.Nxe7+ Kf8 38.Nc8 Qxc8 39.Qe4 Kg8 40.Nd2 Nd4 41.Nc4 Qc6 
42.Qxc6 Nxc6 43.f4 Kf8 44.Kf2 Ke7 45.Ke3 f6 46.Ke4 Ke6 47.f5+ Ke7 48.e6 
Nde5 49.Nxe5 fxe5 50.Kd5 Nd4 51.g4 h5 52.h3 hxg4 53.hxg4 Nf3 54.Bf2 c4 55.
Bc5+ Kf6 56.Kd6 Ng5 57.Kd7 1-0

[Event "119th NZL-ch op"]
[Site "Queenstown NZL"]
[Date "2012.01.17"]
[Round "3"]
[White "Xie, George Wendi"]
[Black "Steadman, Michael"]
[Result "1-0"]
[WhiteElo "2459"]
[BlackElo "2258"]
[EventDate "2012.01.15"]
[PlyCount "131"]

1.Nf3 e6 2.c4 f5 3.g3 Nf6 4.Bg2 d5 5.O-O Bd6 6.Nc3 O-O 7.d3 Na6 8.a3 c6 9.
e4 Bc7 10.e5 Nd7 11.cxd5 exd5 12.d4 Nb6 13.b4 h6 14.Nd2 f4 15.b5 Nb8 16.a4
fxg3 17.hxg3 Be6 18.a5 Nc8 19.Nb3 Nd7 20.a6 b6 21.bxc6 Nb8 22.Qc2 Ne7 23.
Ba3 Nbxc6 24.Nb5 Bb8 25.Rfc1 Qd7 26.Nd2 Rc8 27.Qa2 Bc7 28.Bd6 Bxd6 29.exd6
Nb4 30.Qb3 Nec6 31.Ra4 Kh7 32.Rxb4 Nxb4 33.Rxc8 Rxc8 34.Qxb4 Rc1+ 35.Nf1 
Bh3 36.Nc3 Qf5 37.Ne2 Bxg2 38.Nxc1 Qh3 39.Nh2 Be4 40.f3 Qxg3+ 41.Kf1 Qxh2 
42.fxe4 Qf4+ 43.Ke2 Qxc1 44.exd5 Qc2+ 45.Ke3 Qc1+ 46.Qd2 Qg1+ 47.Qf2 Qc1+ 
48.Ke4 Kg8 49.d7 Qg5 50.Qf5 Qh4+ 51.Ke5 Qe7+ 52.Qe6+ Kf8 53.d6 Qd8 54.Qf5+
Kg8 55.Ke6 Qh4 56.Qf7+ Kh7 57.Qf8 Qe4+ 58.Kf7 Qg6+ 59.Ke7 Qe4+ 60.Kd8 Qa8+
61.Kc7 Qxf8 62.d8=Q Qf4 63.Qb8 Qxd4 64.Qb7 Qe5 65.Qc6 b5 66.Kb7 1-0

[Event "119th NZL-ch op"]
[Site "Queenstown NZL"]
[Date "2012.01.17"]
[Round "3"]
[White "Yao Yow Jen, Winston"]
[Black "Fuatai, Fuatai"]
[Result "0-1"]
[WhiteElo "1807"]
[BlackElo "2031"]
[EventDate "2012.01.15"]
[PlyCount "112"]

1.e4 c5 2.Nc3 d6 3.f4 g6 4.Nf3 Bg7 5.Bb5+ Bd7 6.Bc4 e6 7.O-O a6 8.d3 b5 9.
Bb3 Ne7 10.Rb1 Nbc6 11.a3 O-O 12.Qe1 Nd4 13.Ba2 Nxc2 14.Qd1 Nxa3 15.bxa3 
Bxc3 16.g4 d5 17.e5 d4 18.h4 Bc6 19.Qe2 Bd5 20.h5 Bxa2 21.Qxa2 Qd5 22.Qh2 
Kg7 23.Qh4 Ng8 24.f5 exf5 25.gxf5 f6 26.h6+ Kh8 27.fxg6 hxg6 28.h7 Ne7 29.
exf6 Nf5 30.Qg5 Qf7 31.Ne5 Qxf6 32.Nxg6+ Kxh7 33.Rxf5 Qxg6 34.Qxg6+ Kxg6 
35.Rxc5 Rf3 36.Bb2 Rxd3 37.Bxc3 Rxc3 38.Rxc3 dxc3 39.Kf2 c2 40.Rc1 Rc8 41.
Ke3 Rc3+ 42.Kd2 Rxa3 43.Rxc2 Kf5 44.Kc1 Ke4 45.Kb2 Rd3 46.Rc6 a5 47.Ra6 a4
48.Rb6 Rb3+ 49.Kc2 Kd5 50.Rh6 Kc5 51.Rh5+ Kb4 52.Rh4+ Ka3 53.Rh1 Ka2 54.
Rh4 b4 55.Rh8 Rc3+ 56.Kd2 Rc7 0-1

[Event "119th NZL-ch op"]
[Site "Queenstown NZL"]
[Date "2012.01.17"]
[Round "3"]
[White "Zhang Jie Wen, William"]
[Black "Lauterbach, Ingrid"]
[Result "0-1"]
[WhiteElo "1849"]
[BlackElo "2053"]
[EventDate "2012.01.15"]
[PlyCount "100"]

1.e4 c5 2.Nf3 e6 3.d4 cxd4 4.Nxd4 a6 5.Nc3 b5 6.Bd3 Qb6 7.Nf3 Qc7 8.O-O d6
9.Be3 Bb7 10.Re1 Nf6 11.Bg5 Nbd7 12.Qd2 Be7 13.a4 b4 14.Na2 a5 15.b3 O-O 
16.Nd4 Nc5 17.f3 Qb6 18.Be3 Nfd7 19.Bb5 Rad8 20.Bf2 d5 21.e5 Nb8 22.Nc1 
Rc8 23.Ra2 Ba6 24.Nce2 Qc7 25.Nc1 Bb7 26.Qe2 Nc6 27.Bxc6 Bxc6 28.Ra1 Bb7 
29.Ra2 Ba6 30.Qd2 Nd7 31.f4 Nc5 32.Qe3 Ne4 33.Kh1 Qb6 34.Rd1 Nc3 35.Re1 
Nxa2 36.Nxa2 Bc5 37.Qd2 Rc7 38.g3 Rfc8 39.Rc1 Qb7 40.Kg1 Ba7 41.Ne2 Bxf2+ 
42.Kxf2 Bxe2 43.Qxe2 Qb6+ 44.Qe3 d4 45.Qd3 f6 46.exf6 gxf6 47.Ke2 Qd6 48.
Kd2 Qd5 49.Qe2 Kf7 50.h3 Qf5 0-1

[Event "119th NZL-ch op"]
[Site "Queenstown NZL"]
[Date "2012.01.17"]
[Round "3"]
[White "Zhao Xue"]
[Black "Smith, Robert"]
[Result "1-0"]
[WhiteElo "2551"]
[BlackElo "2273"]
[EventDate "2012.01.15"]
[PlyCount "83"]

1.d4 Nf6 2.c4 e6 3.Nf3 Bb4+ 4.Nbd2 b6 5.a3 Bxd2+ 6.Qxd2 Bb7 7.e3 Ne4 8.Qc2
O-O 9.Be2 d6 10.O-O Nd7 11.b4 c5 12.Rd1 Qe7 13.Bb2 f5 14.dxc5 dxc5 15.Ne5 
Nxe5 16.Bxe5 Rad8 17.f3 Nf6 18.Qa4 a6 19.Qb3 cxb4 20.Qxb4 Qxb4 21.axb4 Rc8
22.Rd6 b5 23.cxb5 axb5 24.Bxb5 Bd5 25.Bd7 Rcd8 26.Bxf6 gxf6 27.Bxe6+ Bxe6 
28.Rxe6 Kf7 29.Rc6 Rd2 30.Rc7+ Kg6 31.Raa7 Rh8 32.b5 Rb2 33.Rcb7 h6 34.h3 
Rd8 35.Kh2 Kh5 36.Rg7 Rxb5 37.Ra4 Rdb8 38.Rf4 R8b7 39.g4+ fxg4 40.hxg4+ 
Kh4 41.g5+ Kh5 42.gxf6 1-0

[Event "119th NZL-ch op"]
[Site "Queenstown NZL"]
[Date "2012.01.18"]
[Round "4"]
[White "Akshat, Khamparia"]
[Black "Zhao Jun"]
[Result "1/2-1/2"]
[WhiteElo "2414"]
[BlackElo "2569"]
[EventDate "2012.01.15"]
[PlyCount "123"]

1.d4 Nf6 2.c4 g6 3.Nc3 Bg7 4.e4 d6 5.Bd3 O-O 6.Nge2 e5 7.d5 Nh5 8.O-O c5 
9.f4 exf4 10.Nxf4 Nf6 11.Be2 Qe7 12.Bf3 Nfd7 13.Nd3 Ne5 14.Nxe5 Bxe5 15.
Be3 f5 16.g3 fxe4 17.Nxe4 Bf5 18.Bg5 Qg7 19.Qd2 Bxb2 20.Rab1 Bd4+ 21.Kh1 
Bxe4 22.Bxe4 Nd7 23.Bh6 Rxf1+ 24.Rxf1 Qe7 25.Bg2 Re8 26.Bh3 Qe4+ 27.Qg2 
Qxg2+ 28.Kxg2 Nf8 29.Bxf8 Rxf8 30.Be6+ Kg7 31.Rxf8 Kxf8 32.Bc8 b6 33.Kf3 
Ke7 34.h3 Kd8 35.Ba6 Ke7 36.Bc8 Kf6 37.Kf4 Be5+ 38.Kf3 Bc3 39.Kf4 Bd2+ 40.
Ke4 Be1 41.g4 Kg5 42.Kf3 b5 43.Ba6 b4 44.Bb5 Kh4 45.Kg2 a5 46.Bd7 Bc3 47.
Ba4 Bd4 48.Bc2 Be5 49.Ba4 Bf6 50.Bc2 Bd4 51.Ba4 g5 52.Be8 Be3 53.Bd7 Bd4 
54.Be8 Be5 55.Bd7 h5 56.gxh5 Kxh5 57.Kf3 Kh4 58.Kg2 Bd4 59.Kf3 Be5 60.Kg2 
Bd4 61.Kf3 Be5 62.Kg2 1/2-1/2

[Event "119th NZL-ch op"]
[Site "Queenstown NZL"]
[Date "2012.01.18"]
[Round "4"]
[White "Ansell, Alan"]
[Black "Holland, Dennis"]
[Result "1-0"]
[WhiteElo "2079"]
[BlackElo "1958"]
[EventDate "2012.01.15"]
[PlyCount "77"]

1.d4 d5 2.c4 e6 3.Nc3 Nf6 4.cxd5 exd5 5.Bg5 Be7 6.e3 c6 7.Bd3 O-O 8.Qc2 h6
9.Bf4 Bd6 10.Bxd6 Qxd6 11.Nf3 Re8 12.O-O Be6 13.Rab1 Nbd7 14.b4 Rac8 15.
Na4 Ne4 16.Nd2 Bf5 17.Nc5 Ndxc5 18.bxc5 Qc7 19.Nb3 Bh7 20.f3 Nf6 21.Bxh7+ 
Nxh7 22.e4 Nf6 23.e5 Nd7 24.f4 b6 25.f5 Qd8 26.f6 gxf6 27.Qf5 Re6 28.Rbe1 
bxc5 29.Qg4+ Kf8 30.Qf4 f5 31.Qxf5 Qe7 32.Qh7 Ke8 33.Qg8+ Qf8 34.Qg4 c4 
35.Na5 Rg6 36.Qh3 Qg7 37.Nb7 Ke7 38.Nd6 Rf8 39.Nf5+ 1-0

[Event "119th NZL-ch op"]
[Site "Queenstown NZL"]
[Date "2012.01.18"]
[Round "4"]
[White "Ayaz, Hacer"]
[Black "Simmonds, Leteisha"]
[Result "0-1"]
[WhiteElo "1846"]
[BlackElo "1643"]
[EventDate "2012.01.15"]
[PlyCount "86"]

1.d4 d5 2.Nf3 c6 3.c4 Nf6 4.Nc3 Nbd7 5.e3 g6 6.Bd3 dxc4 7.Bxc4 Nb6 8.Bb3 
Bf5 9.O-O Bg7 10.Ne5 Nbd5 11.f3 Be6 12.e4 Nxc3 13.bxc3 Qc8 14.Ba3 Bxb3 15.
Qxb3 e6 16.Rab1 b6 17.Qc4 c5 18.dxc5 bxc5 19.Rfd1 O-O 20.Bxc5 Rd8 21.Rxd8+
Qxd8 22.Bd4 Rc8 23.Qa6 Nd7 24.Nc6 Bxd4+ 25.cxd4 Qe8 26.Rb7 Nc5 27.Ne7+ 
Qxe7 28.Rxe7 Nxa6 29.Rxa7 Rc1+ 30.Kf2 Rc2+ 31.Kg3 Rxa2 32.d5 exd5 33.exd5 
Nb4 34.Rxa2 Nxa2 35.Kf4 f6 36.h4 Kf7 37.Ke4 Ke7 38.g4 Kd6 39.f4 Nc3+ 40.
Kd4 Nxd5 41.f5 gxf5 42.gxf5 Ne7 43.Ke4 h5 0-1

[Event "119th NZL-ch op"]
[Site "Queenstown NZL"]
[Date "2012.01.18"]
[Round "4"]
[White "Bird, Andrew"]
[Black "Dale, Ari"]
[Result "1-0"]
[WhiteElo "2216"]
[BlackElo "1994"]
[EventDate "2012.01.15"]
[PlyCount "103"]

1.Nf3 Nf6 2.c4 g6 3.g3 c6 4.Bg2 Bg7 5.O-O O-O 6.b3 Ne4 7.d4 d5 8.Bb2 dxc4 
9.bxc4 c5 10.Qc2 Qb6 11.Ba3 f5 12.Nbd2 Qa5 13.Bb2 Nxd2 14.Nxd2 cxd4 15.Nb3
Qb6 16.c5 Qb4 17.Rfd1 Rd8 18.a3 Qa4 19.Nxd4 Qa6 20.Qb3+ e6 21.Nb5 Qa5 22.
Rxd8+ Qxd8 23.Rd1 Qe7 24.Bxg7 Kxg7 25.Rd6 Kf7 26.Qc3 Nd7 27.Nc7 Rb8 28.
Nxe6 Nf6 29.Ng5+ Kg7 30.Nxh7 Be6 31.Nxf6 Qxf6 32.Qxf6+ Kxf6 33.Bd5 Re8 34.
Bxb7 Ke7 35.Ra6 f4 36.Rxa7 Kf6 37.Kg2 Re7 38.c6 Bd5+ 39.f3 Rxe2+ 40.Kg1 
fxg3 41.hxg3 Bxf3 42.c7 Bxb7 43.Rxb7 Rc2 44.a4 Kf5 45.a5 Kg4 46.a6 Kxg3 
47.Rb3+ Kf4 48.a7 Rc1+ 49.Kf2 Rc2+ 50.Ke1 Rc1+ 51.Kd2 Rxc7 52.a8=Q 1-0

[Event "119th NZL-ch op"]
[Site "Queenstown NZL"]
[Date "2012.01.18"]
[Round "4"]
[White "Bischoff, Klaus"]
[Black "Wallis, Christopher"]
[Result "1/2-1/2"]
[WhiteElo "2537"]
[BlackElo "2259"]
[EventDate "2012.01.15"]
[PlyCount "59"]

1.Nf3 d5 2.e3 Bg4 3.h3 Bxf3 4.Qxf3 c6 5.d3 g6 6.Nd2 Bg7 7.g3 e6 8.Bg2 Ne7 
9.O-O O-O 10.Qe2 c5 11.c3 Nbc6 12.Nb3 b6 13.e4 Qd7 14.h4 Rac8 15.Bf4 Rfd8 
16.e5 c4 17.dxc4 dxc4 18.Rad1 Nd5 19.Qxc4 Nxe5 20.Qe2 Nxf4 21.gxf4 Nd3 22.
Qe3 Qb5 23.Rd2 Nc5 24.Nd4 Qe8 25.h5 e5 26.fxe5 Qxe5 27.hxg6 hxg6 28.Qf3 
Qg5 29.Rfd1 Re8 30.Ne2 1/2-1/2

[Event "119th NZL-ch op"]
[Site "Queenstown NZL"]
[Date "2012.01.18"]
[Round "4"]
[White "Bojkov, Dejan"]
[Black "Illingworth, Max"]
[Result "1-0"]
[WhiteElo "2553"]
[BlackElo "2388"]
[EventDate "2012.01.15"]
[PlyCount "71"]

1.e4 e6 2.d4 d5 3.Nd2 Nf6 4.e5 Nfd7 5.f4 c5 6.Ngf3 Nc6 7.Nb3 c4 8.Nbd2 b5 
9.Be2 Nb6 10.Nf1 Be7 11.Ne3 h5 12.O-O g6 13.Qe1 a5 14.c3 b4 15.Bd2 Bd7 16.
Bd1 Nc8 17.Bc2 Qb6 18.Qg3 Kd8 19.Kh1 N8a7 20.Ng5 Rf8 21.Nxf7+ Rxf7 22.Qxg6
Rf8 23.f5 bxc3 24.bxc3 Ba3 25.Rab1 Nb5 26.Ba4 Ne7 27.Qxh5 exf5 28.Nc2 Bb4 
29.cxb4 Nxd4 30.bxa5 Qa7 31.Be3 Bxa4 32.Nxd4 Qd7 33.Rb6 Nc6 34.Qh6 Kc7 35.
Ne6+ Qxe6 36.Qxe6 1-0